| 000 | 00910nam a22002537a 4500 | ||
|---|---|---|---|
| 001 | 49393 | ||
| 003 | UA-OsUOA | ||
| 005 | 20210621214958.0 | ||
| 007 | ta | ||
| 008 | 20131219b un ||||| |||| 00| 0 ukr d | ||
| 040 |
_aUA-OsUOA _bukr _cUA-OsUOA _dUA-OsUOA |
||
| 041 | _aukr | ||
| 080 | _a94(477).152 К | ||
| 090 |
_a94(477).152 К _bВ65 |
||
| 100 | _aВойценко О. | ||
| 245 |
_aЛітопис українського життя в Канаді: доба росту й диференціяції: роки після 1-ої світової війни 1919-1924 _nт. 2 |
||
| 260 |
_aВінніпег _bТризуб _c1963 |
||
| 300 | _a393 с. | ||
| 650 | 7 |
_a9 Географія. Біографії. Історія _2UDC |
|
| 942 |
_cBK _2udc |
||
| 955 | _a1 | ||
| 999 |
_c429515 _d429515 |
||